El padre Bernardino de Manlleu, embajador de Cataluña en la corte de Felipe IV (Record no. 663741)

000 -CABECERA
Campo de control de longitud fija 00488nab a2200145Ia 4500
003 - IDENTIFICADOR DEL NÚMERO DE CONTROL
Campo de control ES-SlBCS
005 - FECHA Y HORA DE LA ÚLTIMA TRANSACCIÓN
Campo de control 20210601141625.0
008 - CÓDIGOS DE INFORMACIÓN DE LONGITUD FIJA
Campo de control de longitud fija 140529s1962 xxu||||| |||| 00| 0 spa d
041 ## - CÓDIGO DE LENGUA
Código de lengua del texto/banda sonora o título independiente spa
100 1# - PUNTO DE ACCESO PRINCIPAL-NOMBRE DE PERSONA
Nombre de persona Rubí, Basili de
9 (RLIN) 130314
245 00 - MENCIÓN DE TÍTULO
Título El padre Bernardino de Manlleu, embajador de Cataluña en la corte de Felipe IV
Mención de responsabilidad, etc. Basili de Rubí
600 14 - PUNTO DE ACCESO ADICIONAL DE MATERIA-NOMBRE DE PERSONA
Nombre personal Manlleu, Bernardino de
9 (RLIN) 259046
773 0# - ENLACE AL DOCUMENTO FUENTE
Título Estudios Franciscanos
Parte(s) relacionada(s) vol. 63, 1962, págs. 241-276 / 353-420
Número de control del registro relacionado Rev191
942 ## - ENTRADA DE ELEMENTOS AGREGADOS (KOHA)
Koha [por defecto] tipo de item Artículos de revista
Holdings
Suprimido Perdido Estropeado No para préstamo Localización permanente Localización actual Localización en estantería Fecha adquisición Préstamos totales Fecha última consulta Fecha del precio de reemplazo Tipo de item de Koha
        San Esteban San Esteban Depósito de revistas 11/07/2014   11/07/2014 11/07/2014 Artículos de revista

Bibliotecas Dominicos Provincia Hispania, 2016

Con tecnología Koha